[Event "Oslo Chess International 2014"]
[Site "Oslo"]
[Date "2014.09.28"]
[Round "3"]
[White "Jacobsen, Fredrik Beer"]
[Black "Moberg, Jan Rune"]
[Result "1-0"]
[WhiteElo "2046"]
[BlackElo "1697"]
[PlyCount "43"]
[EventDate "2014.??.??"]

1. e4 e5 2. Nf3 d6 3. d4 Nd7 4. Nc3 c6 5. dxe5 dxe5 6. Bc4 Be7 7. O-O Ngf6 8.
a3 O-O 9. Qe2 Qc7 10. h3 b5 11. Ba2 a6 12. Bg5 Re8 13. Rad1 Nf8 14. Bh4 Ng6 15.
Bg3 Nh5 16. Nxe5 Nxg3 17. Bxf7+ Kf8 18. fxg3 Nxe5 19. Bxe8+ Kxe8 20. Qh5+ Ng6
21. Qxh7 Qxg3 22. Qg8+
1-0

[Event "Oslo Chess International 2014"]
[Site "Oslo"]
[Date "2014.09.28"]
[Round "3"]
[White "Yilmaz, Kazim"]
[Black "Wærstad, Leif E"]
[Result "1/2-1/2"]
[WhiteElo "1686"]
[BlackElo "1605"]
[PlyCount "70"]
[EventDate "2014.??.??"]

1. c4 g6 2. d4 Bg7 3. Nc3 d6 4. Nf3 Nf6 5. e4 O-O 6. Be2 e5 7. dxe5 dxe5 8.
Qxd8 Rxd8 9. Bg5 Nc6 10. Bxf6 Bxf6 11. Nd5 Bg7 12. Nxc7 Rb8 13. Nd5 f5 14. Bd3
fxe4 15. Bxe4 b5 16. c5 Bb7 17. Ne3 Nd4 18. Bxb7 Rxb7 19. Rd1 Rbd7 20. O-O Bf6
21. Nxd4 exd4 22. Ng4 Bg7 23. f4 Rd5 24. b4 a5 25. a3 axb4 26. axb4 d3 27. Ne5
Bxe5 28. fxe5 Rxe5 29. Rd2 Re4 30. Rb1 Kf7 31. Rb3 Ke7 32. Rbxd3 Rxd3 33. Rxd3
Rxb4 34. c6 Rc4 35. Rd7+ Ke6
1/2-1/2

[Event "Oslo Chess International 2014"]
[Site "Oslo"]
[Date "2014.09.28"]
[Round "3"]
[White "Pedersen, Helge F"]
[Black "Nymo, Olav Andreas Førde"]
[Result "0-1"]
[WhiteElo "888"]
[BlackElo "1200"]
[PlyCount "96"]
[EventDate "2014.??.??"]

1. e4 c6 2. Nf3 d5 3. e5 Bf5 4. d4 e6 5. Bd3 Bxd3 6. Qxd3 c5 7. c3 Nc6 8. O-O
Rc8 9. Be3 cxd4 10. cxd4 Nge7 11. Bg5 Qb6 12. Qd2 Nf5 13. Be3 Bb4 14. Nc3 Na5
15. Qc2 O-O 16. Rfe1 Nc4 17. a3 Bxc3 18. bxc3 Ncxe3 19. fxe3 Rc4 20. Nd2 Rc6
21. Nb3 Qc7 22. Qb2 b6 23. Rac1 Rc8 24. e4 dxe4 25. Rxe4 Rxc3 26. Ree1 Rxc1 27.
Rxc1 Qd7 28. Rd1 Ne3 29. Rd3 Rc2 30. Qb1 Rxg2+ 31. Kh1 Qd5 32. Rxe3 Rb2+ 33.
Qe4 Qxe4+ 34. Rxe4 Rxb3 35. a4 Ra3 36. d5 exd5 37. Rd4 g6 38. h4 Ra2 39. Kg1
Kf8 40. Kf1 Ke7 41. Rxd5 Rxa4 42. h5 Ra5 43. Rd2 Rxe5 44. hxg6 fxg6 45. Rc2 Rc5
46. Rh2 Rc1+ 47. Kg2 Rc2+ 48. Kg3 Rxh2
0-1

[Event "Oslo Chess International 2014"]
[Site "Oslo"]
[Date "2014.09.28"]
[Round "3"]
[White "Moseng, Geir"]
[Black "Govatsmark, Konstantin"]
[Result "1-0"]
[WhiteElo "1983"]
[BlackElo "1843"]
[PlyCount "69"]
[EventDate "2014.??.??"]

1. d4 d6 2. c4 e5 3. Nf3 e4 4. Ng5 f5 5. g3 Be7 6. Nh3 Nf6 7. Bg2 c6 8. Nc3 Na6
9. O-O O-O 10. f3 d5 11. cxd5 cxd5 12. Qb3 Kh8 13. Bf4 b6 14. Be5 Bb7 15. fxe4
fxe4 16. Nf4 Qe8 17. Nfxd5 Rd8 18. Nf4 Bd6 19. Ne6 Nc5 20. dxc5 Bxe5 21. Nxd8
Qxd8 22. e3 Re8 23. Rad1 Qe7 24. cxb6 axb6 25. Qxb6 Ng4 26. Bh3 Nxh2 27. Kxh2
Qh4 28. Rf4 Bxf4 29. exf4 Qe7 30. Rd7 Qf8 31. Qxb7 Rb8 32. Qd5 Rxb2+ 33. Bg2
Rb8 34. Nxe4 Qe8 35. Qf7
1-0

[Event "Oslo Chess International 2014"]
[Site "Oslo"]
[Date "2014.09.28"]
[Round "3"]
[White "Larsen, Per Magnus"]
[Black "Myhre, Mads Wollan"]
[Result "0-1"]
[WhiteElo "1000"]
[BlackElo "1646"]
[PlyCount "96"]
[EventDate "2014.??.??"]

1. d4 d5 2. c4 c6 3. Nf3 Nf6 4. cxd5 cxd5 5. Bf4 Nc6 6. Qb3 e6 7. a3 Qa5+ 8.
Bd2 Qc7 9. Nc3 a6 10. g3 Bd6 11. Bg2 Bd7 12. Na2 Ne4 13. Be3 Qa5+ 14. Bd2 Nxd2
15. Nxd2 Nxd4 16. Qd1 Ba4 17. b4 Bxd1 18. bxa5 Nc2+ 19. Kxd1 Nxa1 20. e4 d4 21.
Nc4 Bc7 22. Nc1 Rb8 23. e5 Ke7 24. Kd2 b5 25. axb6 Bxb6 26. Kd3 Bc5 27. a4 Nb3
28. Nxb3 Rxb3+ 29. Kc2 Rc3+ 30. Kd2 Rxc4 31. Rb1 Rb4 32. Rc1 Rc8 33. Be4 Rxa4
34. Rb1 Rc7 35. f4 Rb4 36. Rc1 Bb6 37. Bc6 Ba5 38. Kd3 Rb6 39. Ra1 Bc3 40. Be4
Bxa1 41. g4 Rc3+ 42. Kd2 Rb2+ 43. Kd1 d3 44. h3 d2 45. f5 Rc1+ 46. Ke2 d1=Q+
47. Ke3 Rb3+ 48. Kf4 Qd2#
0-1

[Event "Oslo Chess International 2014"]
[Site "Oslo"]
[Date "2014.09.28"]
[Round "3"]
[White "Erikstad, Olav"]
[Black "Reppen, Sigmund"]
[Result "1-0"]
[WhiteElo "1832"]
[BlackElo "2069"]
[PlyCount "101"]
[EventDate "2014.??.??"]

1. e4 e5 2. Nf3 Nc6 3. Nc3 Nf6 4. Bb5 d6 5. O-O Bg4 6. d3 Be7 7. Nd5 a6 8.
Nxf6+ gxf6 9. Bc4 Nd4 10. Nxe5 Be6 11. Bxe6 Nxe6 12. Nf3 Qd7 13. Nh4 O-O-O 14.
Nf5 h5 15. b4 Rdg8 16. a4 Bd8 17. Be3 Rg6 18. c4 Ng7 19. Qf3 Nxf5 20. Qxf5 Qxf5
21. exf5 Rg7 22. h4 Rg4 23. g3 Re8 24. Bf4 Kd7 25. Rfe1 Rgg8 26. Kf1 d5 27.
Rxe8 Rxe8 28. cxd5 Be7 29. Rc1 Bd6 30. Bxd6 Kxd6 31. Re1 Rg8 32. Re4 Kxd5 33.
Re7 Rg4 34. b5 Rxa4 35. bxa6 bxa6 36. Rxc7 Ke5 37. Rc5+ Kd6 38. Rc4 Ra1+ 39.
Kg2 a5 40. g4 hxg4 41. h5 Re1 42. Rc8 Kd7 43. Ra8 Re8 44. Ra7+ Kd6 45. Kg3 Rg8
46. Rxa5 Rg5 47. Kh4 Ke7 48. h6 Rg8 49. Ra7+ Kd6 50. Rxf7 Ke5 51. h7
1-0

[Event "Oslo Chess International 2014"]
[Site "Oslo"]
[Date "2014.09.28"]
[Round "3"]
[White "Taranger, Rune"]
[Black "Enersen, Eirik S"]
[Result "1/2-1/2"]
[WhiteElo "1681"]
[BlackElo "1591"]
[PlyCount "57"]
[EventDate "2014.??.??"]

1. d4 e6 2. Nf3 d5 3. e3 c5 4. c3 Nc6 5. Bd3 Nf6 6. Nbd2 c4 7. Bc2 b5 8. e4 Bb7
9. e5 Ng8 10. Nf1 Nge7 11. Ng3 Ng6 12. h4 Be7 13. h5 Nh4 14. Nxh4 Bxh4 15. Qg4
Bxg3 16. Qxg3 Kf8 17. Bg5 Qa5 18. O-O h6 19. Bh4 b4 20. f4 Qb6 21. f5 exf5 22.
Bxf5 Bc8 23. Bxc8 Rxc8 24. Rxf7+ Kxf7 25. Qg6+ Kg8 26. Qe6+ Kh7 27. Qf5+ Kg8
28. Qe6+ Kh7 29. Qg6+
1/2-1/2

[Event "Oslo Chess International 2014"]
[Site "Oslo"]
[Date "2014.09.28"]
[Round "3"]
[White "Fredriksen, Jan Gunnar"]
[Black "Mørkedal, Øyvind"]
[Result "1-0"]
[WhiteElo "1977"]
[BlackElo "1766"]
[PlyCount "79"]
[EventDate "2014.??.??"]

1. b3 e5 2. Bb2 Nc6 3. e3 d6 4. d4 exd4 5. exd4 d5 6. c4 Nf6 7. Nf3 Bb4+ 8. Nc3
Ne4 9. Rc1 O-O 10. Be2 Nxc3 11. Bxc3 Bxc3+ 12. Rxc3 Re8 13. O-O dxc4 14. Bxc4
Bg4 15. h3 Bxf3 16. Qxf3 Qd7 17. Bb5 Qxd4 18. Bxc6 bxc6 19. Qxc6 Rac8 20. Rfc1
Re2 21. Qf3 Rxa2 22. Rxc7 Rf8 23. Rxf7 Re8 24. Rcc7 Ra1+ 25. Kh2 Qe5+ 26. Qg3
Qxg3+ 27. Kxg3 Ra3 28. Rxg7+ Kh8 29. Rxh7+ Kg8 30. Rcg7+ Kf8 31. Rb7 Kg8 32.
Rhd7 a5 33. f3 a4 34. bxa4 Rxa4 35. h4 Ra2 36. h5 Kh8 37. Rh7+ Kg8 38. Rbg7+
Kf8 39. h6 Rae2 40. Rh8#
1-0

[Event "Oslo Chess International 2014"]
[Site "Oslo"]
[Date "2014.09.28"]
[Round "3"]
[White "Sjøberg, Isak"]
[Black "Øygard, Torbjørn"]
[Result "1-0"]
[WhiteElo "1355"]
[BlackElo "800"]
[PlyCount "37"]
[EventDate "2014.??.??"]

1. e4 e5 2. Nf3 Nc6 3. Bb5 a6 4. Bxc6 dxc6 5. O-O Bg4 6. h3 h5 7. d3 Qf6 8.
Nbd2 Ne7 9. Re1 Ng6 10. c3 O-O-O 11. hxg4 hxg4 12. Nh2 Rxd3 13. Qxg4+ Kb8 14.
Ndf3 Nf4 15. Bxf4 Qxf4 16. Qxf4 exf4 17. Ne5 Rd2 18. Nxf7 Rh4 19. Rad1
1-0

[Event "Oslo Chess International 2014"]
[Site "Oslo"]
[Date "2014.09.28"]
[Round "3"]
[White "Hjelle, Øyvind"]
[Black "Johansen, Pål H"]
[Result "0-1"]
[WhiteElo "1357"]
[BlackElo "1919"]
[PlyCount "74"]
[EventDate "2014.??.??"]

1. e4 e5 2. Nf3 Nc6 3. Bb5 Nd4 4. Nxd4 exd4 5. O-O c6 6. Be2 Nf6 7. d3 d5 8. e5
Nd7 9. Bf4 g5 10. Bg3 Bg7 11. e6 fxe6 12. Bh5+ Ke7 13. Qd2 h6 14. Re1 e5 15. f4
Kd6 16. fxe5+ Bxe5 17. Qf2 Rf8 18. Bxe5+ Nxe5 19. Qxd4 Qf6 20. Nd2 Bf5 21. Rf1
Ng4 22. Ne4+ Bxe4 23. Rxf6+ Nxf6 24. dxe4 Nxh5 25. Re1 Nf4 26. c4 Ne6 27. Qd3
d4 28. c5+ Ke5 29. b4 Rad8 30. g3 g4 31. Rc1 Rf3 32. Qd2 Ng5 33. Rf1 Rdf8 34.
Rd1 Nh3+ 35. Kh1 Rf1+ 36. Rxf1 Rxf1+ 37. Kg2 Rg1#
0-1

[Event "Oslo Chess International 2014"]
[Site "Oslo"]
[Date "2014.09.28"]
[Round "3"]
[White "Hauan, Tore Martin Madsø"]
[Black "Risting, Eivind Olav"]
[Result "0-1"]
[WhiteElo "1647"]
[BlackElo "2032"]
[PlyCount "68"]
[EventDate "2014.??.??"]

1. d4 Nf6 2. c4 c5 3. d5 b5 4. cxb5 a6 5. b6 Qxb6 6. Nc3 g6 7. e4 d6 8. Nf3 Bg7
9. Be2 O-O 10. O-O Nbd7 11. Qc2 Rb8 12. Rb1 Ne8 13. Bd3 Nc7 14. a4 Ne5 15. Nxe5
Bxe5 16. Kh1 Bd7 17. b3 e6 18. f4 Bg7 19. f5 exf5 20. exf5 Qb4 21. f6 Bh8 22.
Bh6 Rfd8 23. Bxg6 hxg6 24. Rf4 Qb7 25. Qd3 Re8 26. Rf3 Re5 27. Rg3 Bf5 28. Qf3
Bxb1 29. h4 Nxd5 30. h5 Nxc3 31. Qg4 Ne4 32. Kh2 Nxg3 33. hxg6 Nf1+ 34. Kg1
Bxg6
0-1

[Event "Oslo Chess International 2014"]
[Site "Oslo"]
[Date "2014.09.28"]
[Round "3"]
[White "Røneid, Heidi"]
[Black "Eide, Adrian"]
[Result "1-0"]
[WhiteElo "1675"]
[BlackElo "1356"]
[PlyCount "55"]
[EventDate "2014.??.??"]

1. e4 c5 2. c3 Nf6 3. e5 Nd5 4. d4 cxd4 5. cxd4 d6 6. Nf3 Nc6 7. Bc4 Nb6 8. Bb3
dxe5 9. d5 Nb4 10. Nc3 Bg4 11. h3 Bxf3 12. Qxf3 Qd7 13. a3 Na6 14. Be3 O-O-O
15. Bxb6 axb6 16. Ba4 Qd6 17. Rc1 Kb8 18. O-O Qf6 19. Qe2 g6 20. Rfd1 Bh6 21.
Ne4 Qf4 22. Rc4 Qf5 23. g4 Qf4 24. Rd3 Rc8 25. Rdc3 Rxc4 26. Rxc4 Nc7 27. Nc5
Qd2 28. Nd7+
1-0

[Event "Oslo Chess International 2014"]
[Site "Oslo"]
[Date "2014.09.28"]
[Round "3"]
[White "Østby, Martin Bergsjø"]
[Black "Kvisla, Johannes Luangtep"]
[Result "0-1"]
[WhiteElo "1897"]
[BlackElo "2096"]
[PlyCount "128"]
[EventDate "2014.??.??"]

1. e4 c6 2. d4 d5 3. Nc3 a6 4. Nf3 Bg4 5. Be2 e6 6. a3 Nf6 7. exd5 cxd5 8. O-O
Nc6 9. h3 Bh5 10. Re1 Be7 11. b4 b5 12. Bb2 O-O 13. Nb1 Nd7 14. Nbd2 Nb6 15.
Nb3 Na4 16. Rb1 Bf6 17. c3 Nb6 18. Nc5 Nc4 19. Nd2 Bg6 20. Bd3 Bxd3 21. Nxd3 a5
22. Nxc4 dxc4 23. Nc5 Qd5 24. Ne4 Be7 25. Ra1 Rfd8 26. f4 Bf8 27. Qg4 Be7 28.
Qf3 Ra6 29. Nd2 Qxf3 30. Nxf3 Bd6 31. g3 Ne7 32. Kf2 Nd5 33. Ne5 Rda8 34. Ng4
axb4 35. cxb4 c3 36. Bc1 Nxb4 37. Re2 Nd3+ 38. Ke3 Nxc1 39. Rxc1 Rxa3 40. Ne5
Bxe5 41. fxe5 b4 42. Kd3 Ra2 43. Rcc2 Rxc2 44. Rxc2 Rb8 45. Rc1 f6 46. Kc4 fxe5
47. dxe5 Kf7 48. Rf1+ Kg6 49. Kb3 Rb5 50. Rf3 Rxe5 51. Kxb4 c2 52. Rc3 Re3 53.
Rxc2 Rxg3 54. Re2 Rxh3 55. Rxe6+ Kf5 56. Re1 g5 57. Kc4 g4 58. Kd4 h5 59. Rf1+
Rf3 60. Rh1 Kg5 61. Ke4 h4 62. Ra1 h3 63. Rd1 Kh4 64. Rg1 h2
0-1

[Event "Oslo Chess International 2014"]
[Site "Oslo"]
[Date "2014.09.28"]
[Round "3"]
[White "Berntsen-Øybø, August"]
[Black "Sivaranjan, Aschmirthan"]
[Result "0-1"]
[WhiteElo "1676"]
[BlackElo "1509"]
[PlyCount "94"]
[EventDate "2014.??.??"]

1. e4 e5 2. Nf3 Nc6 3. d4 exd4 4. Nxd4 Bc5 5. Be3 Qf6 6. c3 Nge7 7. Bc4 Ne5 8.
Nd2 Nxc4 9. Nxc4 Qg6 10. Qf3 O-O 11. Nf5 Nxf5 12. exf5 Qa6 13. Bxc5 d6 14. Nxd6
cxd6 15. Be3 Qb5 16. Qe2 Qxf5 17. O-O Bd7 18. Rfd1 Qg6 19. Qd3 Qg4 20. Qxd6 Bc6
21. Qg3 Qxg3 22. hxg3 Rfd8 23. Rxd8+ Rxd8 24. Bxa7 Rd2 25. b3 Kf8 26. a4 Ke7
27. f3 Rb2 28. b4 Kd7 29. Bb6 g6 30. Bc5 Bd5 31. Rd1 Kc6 32. Bf8 Bb3 33. a5
Bxd1 34. Bc5 Be2 35. Bd4 Bc4 36. g4 f5 37. gxf5 gxf5 38. Be3 h5 39. Bg5 Kd5 40.
Bf6 Rc2 41. Bd4 Ke6 42. Bg7 Kf7 43. Bd4 Kg6 44. Be5 Kg5 45. Bd4 Kf4 46. Bf6 Kg3
47. Be5+ f4
0-1

[Event "Oslo Chess International 2014"]
[Site "Oslo"]
[Date "2014.09.28"]
[Round "3"]
[White "Berg-Olsen, Sebastian N"]
[Black "Grønn, Embla Ekeland"]
[Result "0-1"]
[WhiteElo "910"]
[BlackElo "1389"]
[PlyCount "106"]
[EventDate "2014.??.??"]

1. e4 c6 2. d4 d5 3. e5 Bf5 4. Nf3 e6 5. Bd3 Bxd3 6. Qxd3 c5 7. c3 Nc6 8. Bf4
Qb6 9. b3 cxd4 10. cxd4 Bb4+ 11. Nbd2 Nge7 12. O-O Nf5 13. a3 Bxd2 14. Bxd2
Ncxd4 15. Nxd4 Qxd4 16. Qb5+ Kf8 17. Qxb7 Re8 18. Qd7 Qxd2 19. Rac1 Qg5 20.
Qxa7 g6 21. Rc7 Re7 22. Qc5 Kg7 23. Rxe7 Qxe7 24. b4 Qxc5 25. bxc5 Rc8 26. Rc1
Nd4 27. Kf1 Nb3 28. Rc3 Nd2+ 29. Ke2 Ne4 30. Rc2 Rxc5 31. Rxc5 Nxc5 32. h4 Nd7
33. f4 Nb6 34. g4 f6 35. g5 fxe5 36. fxe5 Nc4 37. a4 Nxe5 38. a5 Nc6 39. a6 h6
40. Ke3 hxg5 41. hxg5 e5 42. Kd3 Kf7 43. Kc3 Ke6 44. Kd2 Kf5 45. Ke2 Kxg5 46.
Kf2 e4 47. Ke3 Kh4 48. Kf4 g5+ 49. Ke3 g4 50. Kf2 d4 51. Kf1 g3 52. Kg2 d3 53.
Kf1 e3
0-1

[Event "Oslo Chess International 2014"]
[Site "Oslo"]
[Date "2014.09.28"]
[Round "3"]
[White "Tryggestad, Andreas G"]
[Black "Ranaldi, Lucas"]
[Result "1-0"]
[WhiteElo "2019"]
[BlackElo "1831"]
[PlyCount "83"]
[EventDate "2014.??.??"]

1. e4 e6 2. Nf3 d5 3. Nc3 dxe4 4. Nxe4 Nf6 5. Nxf6+ Qxf6 6. d4 Qd8 7. Bd3 Be7
8. O-O O-O 9. Bf4 c5 10. c3 Nd7 11. Qc2 Nf6 12. dxc5 Bxc5 13. Rad1 Qe7 14. b4
Bb6 15. Bd6 Qe8 16. Ng5 h6 17. Nh7 Nxh7 18. Bxh7+ Kh8 19. Bxf8 Qxf8 20. Be4 Qe7
21. Qd3 Bc7 22. a3 a5 23. b5 Rb8 24. a4 e5 25. Bf5 Bxf5 26. Qxf5 Rd8 27. Rxd8+
Qxd8 28. Qxf7 b6 29. c4 Kh7 30. Qd5 Qe7 31. Rd1 e4 32. Qf5+ Kh8 33. Rd7 Qe5 34.
Qxe5 Bxe5 35. Re7 Bd6 36. Rxe4 Kh7 37. Re6 Bc5 38. Rc6 Bd4 39. c5 bxc5 40. b6
c4 41. b7 Be5 42. Rxc4
1-0

[Event "Oslo Chess International 2014"]
[Site "Oslo"]
[Date "2014.09.28"]
[Round "3"]
[White "Bø, Torgeir H"]
[Black "Hem, Even Elias Yuan"]
[Result "0-1"]
[WhiteElo "1474"]
[BlackElo "1648"]
[PlyCount "50"]
[EventDate "2014.??.??"]

1. e4 c5 2. Nc3 Nc6 3. f4 e6 4. Bb5 Nge7 5. Nf3 g6 6. O-O Bg7 7. d3 O-O 8. Qe1
d5 9. Qh4 a6 10. Bxc6 Nxc6 11. Ng5 h6 12. f5 exf5 13. Nxd5 hxg5 14. Bxg5 f6 15.
Bh6 g5 16. Qh5 Qe8 17. Qxe8 Rxe8 18. Bxg7 Kxg7 19. Nc7 Bd7 20. Nxa8 Rxa8 21.
exf5 Rc8 22. g4 Nd4 23. c3 Nc2 24. Kh1 Bc6+ 25. Rf3 Bxf3+
0-1

[Event "Oslo Chess International 2014"]
[Site "Oslo"]
[Date "2014.09.28"]
[Round "4"]
[White "Kvisla, Johannes Luangtep"]
[Black "Kovachev, Daniel Jakobsen"]
[Result "1/2-1/2"]
[WhiteElo "2096"]
[BlackElo "2289"]
[PlyCount "40"]
[EventDate "2014.??.??"]

1. d4 Nf6 2. c4 g6 3. Nc3 d5 4. cxd5 Nxd5 5. Bd2 Bg7 6. e4 Nb6 7. Be3 O-O 8. f4
Nc6 9. d5 Na5 10. Bd4 e5 11. fxe5 Qh4+ 12. g3 Qe7 13. Nf3 Bg4 14. Be2 Bxf3 15.
Bxf3 Nac4 16. b3 Nxe5 17. O-O Nc8 18. Bg2 Nd6 19. Qd2 Rfe8 20. Rae1 a6
1/2-1/2

[Event "Oslo Chess International 2014"]
[Site "Oslo"]
[Date "2014.09.28"]
[Round "4"]
[White "Smeby, Ole"]
[Black "Moseng, Geir"]
[Result "1/2-1/2"]
[WhiteElo "2042"]
[BlackElo "1983"]
[PlyCount "73"]
[EventDate "2014.??.??"]

1. d4 Nf6 2. Nf3 g6 3. c4 Bg7 4. Nc3 d5 5. e3 O-O 6. Bd3 c5 7. O-O cxd4 8. exd4
Nc6 9. Be3 Bg4 10. cxd5 Nxd5 11. h3 Bxf3 12. Qxf3 Nxe3 13. fxe3 Ne5 14. Qe2
Nxd3 15. Qxd3 Rc8 16. Rac1 Qd7 17. Qe4 e6 18. Rfd1 Rc4 19. b3 Rc7 20. Ne2 Rfc8
21. Rxc7 Rxc7 22. Rc1 Bh6 23. Rxc7 Qxc7 24. Kf2 Bf8 25. Qd3 Qa5 26. Qc2 Qf5+
27. Qxf5 gxf5 28. Kf3 Bd6 29. e4 fxe4+ 30. Kxe4 f5+ 31. Kf3 Kf7 32. Nf4 Kf6 33.
Nd3 b6 34. Nf4 Ba3 35. Nd3 Bd6 36. Nf4 Ba3 37. Nd3
1/2-1/2

[Event "Oslo Chess International 2014"]
[Site "Oslo"]
[Date "2014.09.28"]
[Round "4"]
[White "Nordquelle, Daniel"]
[Black "Fredriksen, Jan Gunnar"]
[Result "1-0"]
[WhiteElo "1814"]
[BlackElo "1977"]
[PlyCount "39"]
[EventDate "2014.??.??"]

1. e4 c6 2. d4 d5 3. e5 Bf5 4. h4 h6 5. g4 Bg6 6. h5 Bh7 7. e6 fxe6 8. Bd3 Nf6
9. Bxh7 Rxh7 10. Qd3 Qd6 11. Nf3 Nbd7 12. Qg6+ Kd8 13. g5 Rh8 14. gxf6 exf6 15.
Nc3 Rc8 16. Bd2 c5 17. O-O-O cxd4 18. Nxd4 e5 19. Nb3 e4 20. Nxd5
1-0

[Event "Oslo Chess International 2014"]
[Site "Oslo"]
[Date "2014.09.28"]
[Round "4"]
[White "Huse, Sigurd Kjelsbøl"]
[Black "Tryggestad, Andreas G"]
[Result "0-1"]
[WhiteElo "1720"]
[BlackElo "2019"]
[PlyCount "98"]
[EventDate "2014.??.??"]

1. e4 c5 2. Nf3 e6 3. d4 cxd4 4. Nxd4 a6 5. c4 Nf6 6. Nc3 Bb4 7. Qc2 Qc7 8. a3
Bxc3+ 9. bxc3 O-O 10. Be2 Nc6 11. Bg5 Qe5 12. Bxf6 Qxf6 13. Nxc6 dxc6 14. O-O
Bd7 15. Rfd1 Rfd8 16. Rd6 c5 17. Rad1 Bc6 18. Bf3 Qe7 19. Qd3 Rxd6 20. Qxd6
Qxd6 21. Rxd6 Kf8 22. e5 Bxf3 23. gxf3 Ke7 24. Kf1 Rd8 25. Rxd8 Kxd8 26. Ke2
Kc7 27. Kd3 Kc6 28. f4 b5 29. a4 Kb6 30. cxb5 axb5 31. axb5 Kxb5 32. Kc2 Kc4
33. Kd2 Kb3 34. Kd3 h6 35. h3 h5 36. h4 f5 37. exf6 gxf6 38. f5 e5 39. Ke4 Kxc3
40. Kd5 c4 41. Ke6 Kd4 42. Kxf6 c3 43. Kg7 c2 44. f6 c1=Q 45. f7 Qg1+ 46. Kh8
Qxf2 47. Kg8 e4 48. f8=Q Qxf8+ 49. Kxf8 e3
0-1

[Event "Oslo Chess International 2014"]
[Site "Oslo"]
[Date "2014.09.28"]
[Round "4"]
[White "Govatsmark, Konstantin"]
[Black "Svensen, Tarjei Joten"]
[Result "0-1"]
[WhiteElo "1843"]
[BlackElo "2082"]
[PlyCount "106"]
[EventDate "2014.??.??"]

1. e4 e6 2. d4 d5 3. Nd2 Nf6 4. e5 Nfd7 5. Bd3 c5 6. c3 Nc6 7. Ne2 cxd4 8. cxd4
f6 9. exf6 Nxf6 10. O-O Bd6 11. Nf3 O-O 12. Bg5 Qe8 13. Qd2 Nh5 14. Qc2 g6 15.
Qd2 e5 16. Nxe5 Nxd4 17. Nf3 Nxf3+ 18. gxf3 Rxf3 19. Ng3 Nf4 20. Bxf4 Rxf4 21.
Rfe1 Qf7 22. Bf1 Bc5 23. Re8+ Qxe8 24. Qxf4 Qf7 25. Qd2 Be6 26. Bg2 Rf8 27. Rf1
Bb6 28. Qe2 h5 29. h3 h4 30. Nh1 Kh7 31. Re1 Bf5 32. Qe7 Qxe7 33. Rxe7+ Kh6 34.
Bxd5 Rd8 35. Bf3 Bxh3 36. Re2 Bf5 37. Kg2 g5 38. Bxb7 g4 39. Re5 Kg6 40. Re2
Rf8 41. Be4 Kg5 42. Bxf5 Rxf5 43. Rc2 Rc5 44. Re2 Rc1 45. Re8 Bc7 46. Rg8+ Kf5
47. Rf8+ Ke6 48. f4 Rc2+ 49. Kf1 g3 50. Rg8 Bxf4 51. Rg4 Kf5 52. Rg8 Ke4 53.
Rc8 Rxc8
0-1

[Event "Oslo Chess International 2014"]
[Site "Oslo"]
[Date "2014.09.28"]
[Round "4"]
[White "Wahlstedt, Mats"]
[Black "Erikstad, Olav"]
[Result "1-0"]
[WhiteElo "1980"]
[BlackElo "1832"]
[PlyCount "127"]
[EventDate "2014.??.??"]

1. e4 c6 2. d4 d5 3. Nc3 dxe4 4. Nxe4 Nf6 5. Ng5 h6 6. N5f3 Bg4 7. Qd3 Nbd7 8.
h3 Bh5 9. Qb3 Qb6 10. Bd3 Bxf3 11. Nxf3 e6 12. O-O Qxb3 13. axb3 Bd6 14. c3 a6
15. Re1 O-O 16. b4 Rfe8 17. Ne5 Rad8 18. Bf1 Be7 19. Nc4 Nd5 20. Na5 Rb8 21.
Bd2 Rec8 22. Nb3 Bd6 23. Nc5 Nxc5 24. bxc5 Bc7 25. c4 Nf6 26. Bc3 Re8 27. g3
Rbd8 28. Bg2 Nd7 29. b4 Nf6 30. Rad1 Kf8 31. Kf1 Re7 32. Bf3 Red7 33. g4 Re7
34. h4 Rdd7 35. d5 exd5 36. Bxf6 Rxe1+ 37. Kxe1 gxf6 38. cxd5 cxd5 39. Bxd5 Be5
40. Rd3 Bf4 41. Ke2 Be5 42. Be4 Rxd3 43. Kxd3 a5 44. bxa5 Bc7 45. Bxb7 Bxa5 46.
Bd5 Ke7 47. f3 Be1 48. h5 Bf2 49. Kc4 Kd7 50. Bxf7 Be3 51. Kd5 Bg5 52. Bg6 Kc7
53. Bd3 Kd7 54. Bb5+ Kc7 55. Ke6 Kd8 56. Kf5 Be3 57. c6 Bg5 58. f4 Bh4 59. Kg6
Bg3 60. Kxh6 Ke7 61. Kg7 Bxf4 62. h6 Be5 63. Kg8 f5 64. gxf5
1-0

[Event "Oslo Chess International 2014"]
[Site "Oslo"]
[Date "2014.09.28"]
[Round "4"]
[White "Ranaldi, Lucas"]
[Black "Johansen, Kai-Roger"]
[Result "0-1"]
[WhiteElo "1831"]
[BlackElo "1995"]
[PlyCount "108"]
[EventDate "2014.??.??"]

1. d4 f5 2. Nc3 d5 3. Bf4 c6 4. e3 Nf6 5. Nf3 e6 6. Bd3 Be7 7. O-O O-O 8. Ne2
Nbd7 9. c4 Ne4 10. Rc1 Ndf6 11. Ne5 Qb6 12. c5 Qd8 13. f3 g5 14. fxe4 gxf4 15.
exf5 exf5 16. Nxf4 Ne4 17. Bxe4 fxe4 18. Qe2 Bg5 19. g3 Qe7 20. Ng2 Bh3 21.
Rxf8+ Rxf8 22. Rf1 Rxf1+ 23. Kxf1 Qf6+ 24. Kg1 Qg7 25. Ng4 Bd8 26. Nf2 Bd7 27.
Nf4 Bc7 28. Kh1 Qg5 29. N2h3 Qg4 30. Qxg4+ Bxg4 31. Kg2 Ba5 32. Kf2 h6 33. Ng1
Kf7 34. Nge2 Bd2 35. Ng2 b6 36. cxb6 axb6 37. Ne1 Ke7 38. Nc2 c5 39. a3 Kd6 40.
Nc3 Kc6 41. Nb1 Bc1 42. b4 Bd1 43. Ne1 cxd4 44. exd4 e3+ 45. Kf1 Bb2 46. Kg2
Bxd4 47. Nf3 Bb2 48. Ne1 Be2 49. g4 Bf6 50. Kg3 Be5+ 51. Kh4 d4 52. Ng2 Bf3 53.
Kh3 Be4 54. Nc3 Bxg2+
0-1

[Event "Oslo Chess International 2014"]
[Site "Oslo"]
[Date "2014.09.28"]
[Round "4"]
[White "Ondo, Shaun"]
[Black "Sirletti, Sonia"]
[Result "0-1"]
[WhiteElo "1730"]
[BlackElo "1843"]
[PlyCount "122"]
[EventDate "2014.??.??"]

1. Nf3 d5 2. c4 e6 3. cxd5 exd5 4. Nc3 Nf6 5. g3 Be7 6. Bg2 O-O 7. d4 b6 8. O-O
Bb7 9. Bf4 Nh5 10. Bd2 Na6 11. e3 Nf6 12. Rc1 c5 13. dxc5 Nxc5 14. Qc2 Rc8 15.
b4 Nce4 16. Qb2 Nd7 17. Ne2 Bf6 18. Ned4 b5 19. Rxc8 Bxc8 20. Qb3 Ne5 21. Rd1
Bg4 22. Be1 Ng5 23. e4 dxe4 24. Nxg5 Bxd1 25. Qxd1 Bxg5 26. Qa1 Bf6 27. Bc3
Nf3+ 28. Nxf3 Bxc3 29. Qxc3 exf3 30. Bxf3 Qc8 31. Qe3 a6 32. Be4 g6 33. Qf3 Qc4
34. a3 Qc1+ 35. Kg2 Qb2 36. Bb7 Kg7 37. Bxa6 Rb8 38. Qd3 Qe5 39. Qf3 Rb6 40.
Bb7 Rf6 41. Qb3 Qc7 42. Bf3 Qe5 43. a4 bxa4 44. Qxa4 Rb6 45. Bc6 Qd4 46. Qa7
Rxb4 47. Qxd4+ Rxd4 48. h3 g5 49. Bf3 Kf6 50. Bh5 Ke6 51. Bf3 Ke5 52. Bc6 h6
53. Be8 f5 54. Bc6 h5 55. Bf3 h4 56. g4 fxg4 57. hxg4 Kf4 58. Be2 Rd2 59. Bc4
Kxg4 60. Be6+ Kf4 61. Bc4 g4
0-1

[Event "Oslo Chess International 2014"]
[Site "Oslo"]
[Date "2014.09.28"]
[Round "4"]
[White "Hem, Even Elias Yuan"]
[Black "Østby, Martin Bergsjø"]
[Result "0-1"]
[WhiteElo "1648"]
[BlackElo "1897"]
[PlyCount "62"]
[EventDate "2014.??.??"]

1. d4 d5 2. c4 e6 3. Nc3 Nf6 4. Nf3 Nbd7 5. e3 Be7 6. Qc2 O-O 7. Bd3 b6 8. cxd5
exd5 9. Bd2 Bb7 10. Rc1 c5 11. b3 Rc8 12. Qb1 cxd4 13. exd4 Ba3 14. Rc2 Re8+
15. Ne2 Ne4 16. O-O Nxd2 17. Rxd2 Nf6 18. Rc2 Bd6 19. Rxc8 Bxc8 20. Ng3 Bg4 21.
Qd1 Ne4 22. Re1 Bxg3 23. fxg3 Qf6 24. Bc2 Re6 25. Qd3 Rc6 26. Rxe4 dxe4 27.
Qxe4 Rc8 28. Ne5 Be6 29. d5 Rxc2 30. Qxc2 Qxe5 31. dxe6 Qe1#
0-1

[Event "Oslo Chess International 2014"]
[Site "Oslo"]
[Date "2014.09.28"]
[Round "4"]
[White "Aure, Anders Nilsson"]
[Black "Jacobsen, Fredrik Beer"]
[Result "0-1"]
[WhiteElo "1628"]
[BlackElo "2046"]
[PlyCount "80"]
[EventDate "2014.??.??"]

1. c4 Nf6 2. Nc3 e6 3. d4 d5 4. cxd5 exd5 5. Nf3 Be7 6. Bf4 O-O 7. h3 b6 8. e3
Bb7 9. Bd3 c5 10. O-O Nc6 11. Bf5 a6 12. Qd2 Bd6 13. Bxd6 Qxd6 14. Rfd1 Rfd8
15. Na4 Ne7 16. Bc2 Rac8 17. Nc3 Rc7 18. Rac1 c4 19. Nh4 Ne4 20. Bxe4 dxe4 21.
g3 b5 22. a3 Qe6 23. Kh2 h5 24. Ng2 g5 25. h4 f6 26. Qe2 Kg7 27. Qxh5 Rh8 28.
Qe2 gxh4 29. Nf4 hxg3+ 30. Kxg3 Nf5+ 31. Kg2 Nh4+ 32. Kg3 Qf5 33. Qg4+ Qxg4+
34. Kxg4 Bc8+ 35. Kg3 Kg8 36. f3 Nf5+ 37. Kf2 Rh2+ 38. Ng2 Rg7 39. Rg1 exf3 40.
Kxf3 Rhxg2
0-1